[Event "GRE-ch U14"]
[Site "Rio Achaia"]
[Date "2018.07.08"]
[Round "8"]
[White "Garoufalis, Athanasios"]
[Black "Papaioannou, Charalampos"]
[Result "1-0"]
[WhiteElo "1151"]
[BlackElo "1129"]
[PlyCount "67"]
[EventDate "2018.07.03"]
[EventType "swiss"]
[EventRounds "9"]
[EventCountry "GRE"]
[SourceTitle "EXT 2019"]
[Source "ChessBase"]
[SourceDate "2018.10.10"]
[SourceVersion "1"]
[SourceVersionDate "2018.10.10"]
[SourceQuality "1"]

1. e4 e5 2. Nf3 Nc6 3. Bc4 Bc5 4. c3 Nf6 5. d3 h6 6. 0-0 0-0 7. Bb3 d6 8. h3 Be6 9. Bc2 d5 10. exd5 Bxd5 11. Nbd2 Bb6 12. Re1 Nd7 13. Nf1 Re8 14. Ng3 Qf6 15. Ne4 Qg6 16. Nh4 Qe6 17. Ng3 Qf6 18. Nhf5 Kh8 19. Be3 Bxe3 20. Rxe3 Ne7 21. d4 Nxf5 22. Nxf5 exd4 23. Rg3 Rg8 24. Qd3 Ne5 25. Qxd4 Be6 26. Nh4 b6 27. Re1 Nd7 28. Qe4 Nf8 29. Qxa8 Qxh4 30. Qxa7 Qf4 31. Qa4 Qd2 32. Rd1 Bd7 33. Rxd2 Bxa4 34. Bxa4 1-0

[Event "GRE-ch U14"]
[Site "Rio Achaia"]
[Date "2018.07.03"]
[Round "1"]
[White "Garoufalis, Athanasios"]
[Black "Sakkas, Konstantinos"]
[Result "0-1"]
[WhiteElo "1151"]
[BlackElo "1619"]
[PlyCount "54"]
[EventDate "2018.07.03"]
[EventType "swiss"]
[EventRounds "9"]
[EventCountry "GRE"]
[SourceTitle "EXT 2019"]
[Source "ChessBase"]
[SourceDate "2018.10.10"]
[SourceVersion "1"]
[SourceVersionDate "2018.10.10"]
[SourceQuality "1"]

1. e4 c5 2. Nf3 e6 3. Nc3 a6 4. g3 Nc6 5. Ne2 Nf6 6. d3 Be7 7. Bg2 0-0 8. 0-0 d5 9. e5 Nd7 10. Nc3 Ndxe5 11. Nxe5 Nxe5 12. f4 Nc6 13. f5 d4 14. Bxc6 dxc3 15. Be4 Qd4+ 16. Kh1 cxb2 17. Bxb2 Qxb2 18. Rb1 Qd4 19. Qf3 exf5 20. Bxb7 Bxb7 21. Rxb7 Bf6 22. Qxf5 Rae8 23. Rf4 Re1+ 24. Rf1 Rxf1+ 25. Qxf1 Re8 26. Rb6 Qd5+ 27. Qg2 Re1# 0-1